[Event "41st Nezhmetdinov Rapid 2019"]
[Site "Kazan"]
[Date "2019.05.29"]
[Round "5.7"]
[White "Svetushkin, Dmitry"]
[Black "Khanin, Semen"]
[Result "1-0"]
[WhiteElo "2536"]
[BlackElo "2524"]
[Annotator "TA"]
[PlyCount "97"]
[EventDate "2019.05.29"]
[EventType "swiss"]
[EventCountry "RUS"]
[SourceTitle "playchess.com"]
[Source "ChessBase"]
[SourceQuality "1"]

{[%evp 9,97,21,49,29,47,34,29,35,33,13,32,23,30,-14,6,9,0,14,11,9,13,-7,41,10,16,16,14,19,25,17,103,63,69,73,56,39,114,32,23,0,0,0,0,0,27,-10,0,4,21,-28,0,-14,79,12,147,144,137,135,135,22,22,22,15,40,22,13,48,28,38,0,0,0,0,0,0,0,0,0,0,0,6,0,54,102,93,46,115,116,29989,29990]} 1. e4 e5 2. Nf3 Nc6 3. Bb5 a6 4. Ba4 b5 5. Bb3 g6 (5... Na5 6. O-O d6 7. d4 exd4 8. Nxd4 Bb7 9. Nf3 Be7 10. Nc3 Nf6 11. Re1 O-O 12. Bg5 h6 13. Bh4 c5 14. Bxf6 Bxf6 15. Bd5 Bxd5 16. Qxd5 Nc4 {1-0 (42) Alekseenko,K (2637)-Vallejo Pons,F (2698) chess.com INT 2019}) 6. c3 {C70: Ruy Lopez: 3...a6 4 Ba4, Norwegian and Delayed Schliemann} Bg7 7. d4 exd4 8. cxd4 {White has an edge.} Na5 9. Bc2 Ne7 10. a4 b4 $146 ({Predecessor:} 10... Bb7 11. O-O O-O 12. Qe2 Nec6 13. Bd2 Nc4 14. Bc3 d5 {½-½ (14) Milov,L (2480)-Bredl,H (2337) Germany 2011}) 11. Nbd2 d6 12. O-O O-O 13. Nb3 Nxb3 14. Bxb3 Bg4 15. Be3 Rc8 16. h3 Bxf3 $1 17. Qxf3 Nc6 18. Rad1 Na5 $1 {[%cal Ra5b3]} 19. Bc2 Qe8 (19... Nc4 $11 {keeps the balance.}) 20. Qe2 b3 21. Bd3 Rb8 22. Rc1 Rb4 (22... Nc6 $1 $14) 23. Qd2 ({White should try} 23. Bxa6 $16 {Bb5 is the strong threat.} Qxe4 24. Bb5 (24. Rxc7 Rxa4 25. Bb5 Ra2 $16) 24... Bxd4 25. Rxc7) 23... Rxa4 $14 24. Rxc7 {Hoping for Qc3.} Nc6 $1 25. d5 Ne5 26. Be2 Rxe4 27. Ra1 Ra4 28. Rac1 $36 {[%mdl 2048] White has the initiative.} Ra2 29. Bd4 Qa4 30. Bc3 Re8 (30... Qh4 $11 {remains equal.} 31. Re1 Rb8) 31. f4 (31. Qe3 $16) 31... Nd7 (31... Bh6 $1 $11 32. Bd4 Ra1) 32. Bxg7 $16 Kxg7 33. R1c4 Qb5 {[#] Threatens to win with ...Qb6+.} 34. Qd4+ ({Better is} 34. Kh2 $1 $16) 34... Nf6 $11 35. Rxf7+ Kxf7 36. Rc7+ {[%mdl 64] [#] Discovered Attack} Qd7 $1 {[%cal Rd7c7]} 37. Rxd7+ Nxd7 38. Bg4 Nc5 39. f5 {Black must now prevent Qf4.} Re5 40. Kh2 gxf5 41. Bh5+ Ke7 42. Bd1 Ra4 43. Qd2 f4 44. Qf2 Kd7 45. Qh4 Kc7 ({Wrong is} 45... Rxd5 $2 46. Qxh7+ Kc6 47. Bf3 $18) (45... h5 $1 $11) 46. Qxh7+ $14 Kb6 {And now ...Re1 would win.} 47. Qg6 Rxd5 ({Black should play} 47... Nb7 $1 $14) 48. Bf3 $16 Re5 $2 {[%mdl 8192]} (48... Rd2 $16) 49. Qxd6+ {[%mdl 64] Double Attack. Accuracy: White = 43%, Black = 39%.} 1-0

[Event "41st Nezhmetdinov Rapid 2019"]
[Site "Kazan"]
[Date "2019.05.29"]
[Round "5.8"]
[White "Usmanov, Vasily"]
[Black "Vallejo Pons, Francisco"]
[Result "0-1"]
[WhiteElo "2437"]
[BlackElo "2688"]
[Annotator "TA"]
[PlyCount "56"]
[EventDate "2019.05.29"]
[EventType "swiss"]
[EventCountry "RUS"]
[SourceTitle "playchess.com"]
[Source "ChessBase"]
[SourceQuality "1"]

{[%evp 9,55,33,42,36,34,46,44,35,21,29,13,-8,21,18,72,87,89,58,45,44,57,17,90,145,126,133,191,144,165,23,36,29,44,35,31,18,18,0,0,0,11,0,0,0,0,0,0,-29999]} 1. Nf3 d5 2. g3 Nd7 3. d4 b5 4. e3 Rb8 5. a4 $146 ({Predecessor:} 5. Bg2 e6 6. O-O Ngf6 7. b3 c5 8. c4 bxc4 9. bxc4 Ba6 10. Na3 dxc4 11. Ne5 {1-0 (38) Sjugirov,S (2650)-Vallejo Pons,F (2707) Riadh 2017}) 5... b4 6. Bb5 {D02: 1 d4 d5 2 Nf3 sidelines, including 2...Nf6 3 g3 and 2...Nf6 3 Bf4} e6 7. Ne5 {Strongly threatening Nc6.} Ne7 $1 8. Qh5 {[%csl Ge5][%cal Rh5f7] White is slightly better.} g6 $1 {[%cal Rg6h5]} 9. Qf3 {[%csl Ge5][%cal Rf3f7]} f5 $1 10. e4 c6 11. Bxc6 $40 {[%cal Re4d5][%mdl 128] White has some attack.} ({Don't play} 11. Nxc6 Nxc6 12. Bxc6 fxe4 $15) 11... dxe4 (11... Bg7 $1 $11) 12. Qb3 $16 Bg7 13. Bf4 Rb6 14. Qxe6 {[%csl Ge5][%cal Re6f7]} Bxe5 $1 15. Bxd7+ Bxd7 (15... Qxd7 $11 {keeps the balance.} 16. Qxd7+ (16. Qxe5 O-O $17) 16... Bxd7 17. dxe5 (17. Bxe5 O-O $11) 17... Kf7) 16. Qxe5 O-O {[#]} 17. d5 $1 Be8 (17... Nc8 $16) 18. a5 Ra6 19. d6 (19. O-O $18) 19... Nc6 $11 20. Qb5 Rxa5 21. Rxa5 Qxa5 22. Qxa5 Nxa5 23. Nd2 Bb5 24. f3 exf3 25. Kf2 Re8 {Threatens to win with ...Re2+.} 26. Ra1 Re2+ 27. Kxf3 Nc6 {[%cal Rc6d4]} 28. c4 $2 {[%mdl 8192] [#]} (28. c3 $11) 28... Nd4# {Accuracy: White = 35%, Black = 49%.} 0-1

[Event "41st Nezhmetdinov Rapid 2019"]
[Site "Kazan"]
[Date "2019.05.29"]
[Round "5.9"]
[White "Tsydypov, Zhamsaran"]
[Black "Toropov, Pavel"]
[Result "1-0"]
[WhiteElo "2546"]
[BlackElo "2327"]
[Annotator "TA"]
[PlyCount "87"]
[EventDate "2019.05.29"]
[EventType "swiss"]
[EventCountry "RUS"]
[SourceTitle "playchess.com"]
[Source "ChessBase"]
[SourceQuality "1"]

{[%evp 21,87,24,24,24,23,22,23,22,26,21,25,27,48,24,41,35,43,38,60,53,50,28,57,23,39,36,47,37,44,40,41,41,62,61,81,111,101,68,71,77,72,77,95,69,71,10,8,0,12,0,0,0,0,0,0,0,140,8,271,271,270,260,1177,1194,1015,588,29993,29994]} 1. e4 c5 2. Nf3 e6 3. d4 cxd4 4. Nxd4 Nf6 5. Nc3 Nc6 6. Ndb5 Bb4 7. a3 Bxc3+ 8. Nxc3 d5 9. exd5 Nxd5 10. Nxd5 exd5 11. Bd3 Qe7+ 12. Qe2 {B45: Sicilian Four Knights} Qxe2+ 13. Kxe2 Ne5 14. Bb5+ {White has an edge.} (14. Rd1 Nxd3 15. Rxd3 Be6 16. Be3 a6 17. Bd4 O-O 18. Kd2 Rac8 19. g4 Rfe8 {½-½ (32) Istratescu,A (2592)-Tregubov,P (2593) Drancy 2016}) 14... Bd7 15. Bxd7+ Kxd7 16. Rd1 Kc6 17. Be3 Rhe8 18. Kf1 Re6 $146 ({Predecessor:} 18... Nc4 19. Bd4 g6 {½-½ (36) Kulovana,E (2293)-Vondra,Z (2155) Teplice 2009}) 19. h3 Rae8 20. a4 ({Don't play} 20. Bxa7 b6 $15) 20... b6 21. Bd4 g6 22. a5 Nc4 23. axb6 axb6 24. b3 Nd6 25. Ra6 Nc8 26. Be3 Kb7 27. Ra4 Rc6 28. Rxd5 Rxc2 29. g4 Kc6 30. Rd3 Re6 31. Rd8 Nd6 32. Ra6 Kc7 {[#]} 33. Rf8 ({Stronger than} 33. Bxb6+ Kb7 $17) (33. Rda8 $1 $16) 33... Rc3 $11 34. Ra3 Kb7 35. Kg2 h5 36. Bf4 hxg4 37. hxg4 f6 38. Rd8 Nb5 {[#]} (38... Ne4 $11) 39. Ra1 (39. Rb8+ $1 $16 Kc6 40. Ra6) 39... Rxb3 $2 {[%mdl 8192]} (39... Kc6 $11 {and Black is okay.}) 40. Rb8+ $18 Kc6 41. Rc1+ Kd7 $2 (41... Rc3) 42. Rb7+ Kd8 43. Rh1 Nd6 44. Bxd6 $1 {Accuracy: White = 50%, Black = 37%.} 1-0

[Event "41st Nezhmetdinov Rapid 2019"]
[Site "Kazan"]
[Date "2019.05.29"]
[Round "5.10"]
[White "Faizrakhmanov, Ramil"]
[Black "Pridorozhni, Aleksei"]
[Result "1/2-1/2"]
[WhiteElo "2438"]
[BlackElo "2588"]
[Annotator "TA"]
[PlyCount "171"]
[EventDate "2019.05.29"]
[EventType "swiss"]
[EventCountry "RUS"]
[SourceTitle "playchess.com"]
[Source "ChessBase"]
[SourceQuality "1"]

{[%evp 13,171,52,64,39,43,33,28,38,42,44,39,39,48,30,33,-12,0,4,8,10,11,11,12,13,21,16,27,0,0,0,0,0,0,0,0,-8,-14,-12,-8,-8,0,0,0,0,7,0,0,0,0,0,0,0,0,-6,-6,-5,0,0,0,0,0,0,0,0,-24,-8,0,0,12,12,12,12,12,12,13,13,14,0,19,0,25,12,12,12,12,12,12,-4878,12,12,12,0,0,0,0,0,0,0,0,0,0,0,0,0,0,0,77,77,77,77,77,77,77,77,77,77,77,77,77,77,77,77,77,77,77,77,77,77,77,77,77,77,77,77,77,77,77,77,77,77,77,77,77,0,77,77,77,8,107,8,8,8,8,0,0,0,0,0,0,0]} 1. d4 d6 2. Nf3 Bg4 3. c4 c6 4. Nc3 Nd7 5. e4 e5 6. Be2 Ngf6 7. O-O Be7 8. d5 {A53: Old Indian Defence without Nf3} (8. Be3 {is interesting.} Bh5 9. Qc2 O-O 10. Rad1 Qc7 11. h3) 8... O-O 9. Ne1 Bxe2 10. Qxe2 {White has an edge.} Qa5 $146 ({Predecessor:} 10... Ne8 11. b4 c5 12. Rb1 Bg5 13. Bxg5 Qxg5 14. Nd3 cxb4 15. Rxb4 {1-0 (46) Volkov,S (2614)-Holmirzaev,B (2322) Tashkent 2015}) 11. Nd3 Rfc8 12. Bd2 Qd8 13. dxc6 bxc6 14. c5 d5 15. exd5 {[#] d6 is the strong threat.} cxd5 16. Nxe5 Nxe5 17. Qxe5 Rxc5 {Hoping for ...d4.} 18. Qd4 Rc4 19. Qd3 Rac8 20. Bg5 h6 21. Bxf6 Bxf6 22. Nxd5 Bxb2 23. Rad1 Rd4 24. Qb3 Rb8 25. Qf3 Rb5 26. Ne3 Qc8 27. g3 a5 28. Qe2 Rb7 29. Rb1 Ba3 30. Rxb7 Qxb7 31. Nf5 Re4 32. Qd3 Bf8 33. Nd6 Bxd6 $1 34. Qxd6 $11 {[%mdl 4096] Endgame KQR-KQR} a4 35. Rd1 Kh7 36. h4 f5 37. Qf8 Re5 38. Qd6 Re2 39. Qf4 Qb5 40. a3 Re4 41. Qf3 Qe5 42. Kg2 Qe6 43. h5 Qe5 44. Rd7 Qe6 45. Rd6 Qe5 46. Rd7 Qe6 47. Ra7 Rd4 48. Ra5 f4 $1 49. g4 Qe1 50. Qc6 $2 {[%mdl 8192] [#]} (50. Rd5 $11 Qe4 51. Qxe4+ Rxe4 52. Kf3) 50... Qe4+ $2 (50... f3+ $1 $19 {[%mdl 512]} 51. Kxf3 (51. Qxf3 Qxa5) 51... Qh1+ 52. Ke3 Qxc6 53. Kxd4 Qd6+ 54. Rd5 Qxa3) 51. Qxe4+ Rxe4 {KR-KR} 52. Ra7 Rd4 53. Kf3 Rd3+ 54. Kxf4 Rxa3 55. Ra8 (55. f3 {with more complications.} Ra1 56. Ra8 Ra3 57. Ra7) 55... Ra1 56. f3 Ra3 57. Ke4 Ra1 58. f4 a3 59. Kf5 a2 (59... Ra2 $11) 60. Ra7 $16 Rb1 61. Rxa2 Rb5+ 62. Ke4 Rb4+ 63. Kf3 Rb3+ 64. Kg2 Kg8 65. Rf2 Kf7 66. Rf3 Rb5 67. Kg3 Ra5 68. Rd3 Kf6 69. Kf3 Ke6 70. Rb3 Kf6 71. Rb6+ Kf7 72. Rd6 Ke7 73. Rd4 Kf6 74. Ke4 Rc5 75. Rd6+ Kf7 76. Rd5 Rc4+ 77. Kf5 Rc7 78. Ke4 Rc4+ $1 79. Ke5 Rc7 80. g5 (80. Rb5 $16) 80... Re7+ $1 $11 81. Kf5 ({Better is} 81. Kd4 $16) 81... hxg5 {The position is equal.} 82. fxg5 {aiming for g6+.} g6+ $1 83. hxg6+ Kg7 84. Rd6 Ra7 85. Rf6 Ra5+ 86. Kg4 {Accuracy: White = 51%, Black = 75%.} 1/2-1/2

[Event "41st Nezhmetdinov Rapid 2019"]
[Site "Kazan"]
[Date "2019.05.29"]
[Round "6.1"]
[White "Morozevich, Alexander"]
[Black "Vallejo Pons, Francisco"]
[Result "1/2-1/2"]
[WhiteElo "2656"]
[BlackElo "2688"]
[Annotator "TA"]
[PlyCount "46"]
[EventDate "2019.05.29"]
[EventType "swiss"]
[EventCountry "RUS"]
[SourceTitle "playchess.com"]
[Source "ChessBase"]
[SourceQuality "1"]

{[%evp 16,46,40,31,37,33,38,44,31,21,29,0,0,0,0,0,0,0,0,0,0,-13,0,0,8,5,31,31,41,0,27,27,28]} 1. e4 e5 2. Nf3 Nc6 3. Bb5 a6 4. Ba4 b5 5. Bb3 Na5 6. O-O d6 7. d4 exd4 8. Nxd4 Bb7 9. c4 c5 {C70: Ruy Lopez: 3...a6 4 Ba4, Norwegian and Delayed Schliemann} 10. Nf5 {Bf4 is the strong threat.} g6 11. Ne3 Bg7 {White is slightly better.} (11... Nf6 12. Nd5 Bg7 13. Nbc3 O-O 14. Bg5 Nxb3 15. axb3 b4 16. Qf3 Nxd5 17. Bxd8 bxc3 18. exd5 cxb2 {1-0 (27) Anand,V (2788)-Mamedyarov,S (2719) Moscow 2009}) 12. cxb5 axb5 13. Bd5 Nf6 14. Bxb7 $1 Nxb7 15. Nc3 b4 16. Ncd5 O-O 17. Qd3 $146 ({Predecessor:} 17. Nxf6+ Qxf6 18. Qc2 Na5 19. Nd5 Qd4 20. Nb6 Ra7 21. Rd1 Qf6 22. Kh1 {½-½ (22) Schreiner,M (2138)-Santamaria Perez,T (2229) ICCF email 2007}) 17... Na5 {[%cal Bb7a5,Ba5c6,Bc6d4][%mdl 32]} 18. a4 Re8 19. Nxf6+ Bxf6 20. Rb1 b3 21. Bd2 Nc6 22. Qxb3 Nd4 23. Qd3 Rxa4 {Accuracy: White = 78%, Black = 65%.} 1/2-1/2

[Event "41st Nezhmetdinov Rapid 2019"]
[Site "Kazan"]
[Date "2019.05.29"]
[Round "6.2"]
[White "Svetushkin, Dmitry"]
[Black "Tsydypov, Zhamsaran"]
[Result "1-0"]
[WhiteElo "2536"]
[BlackElo "2546"]
[Annotator "RC"]
[PlyCount "109"]
[EventDate "2019.05.29"]
[EventType "swiss"]
[EventCountry "RUS"]
[SourceTitle "playchess.com"]
[Source "ChessBase"]
[SourceQuality "1"]
[TimeControl "900+10"]

1. e4 {[%emt 0:00:00]} c5 {[%emt 0:00:05]} 2. Nf3 {[%emt 0:00:00]} d6 {[%emt 0:00:02]} 3. Bb5+ {[%emt 0:00:00]} Nd7 {[%emt 0:00:04]} 4. c3 {[%emt 0:00:00]} Ngf6 {[%emt 0:00:11]} 5. Bd3 {[%emt 0:00:00]} a6 {[%emt 0:00:26]} 6. Bc2 {[%emt 0:00:02]} b5 {[%emt 0:00:36]} 7. d4 {[%emt 0:00:13]} Bb7 {[%emt 0:00:03]} 8. Nbd2 {[%emt 0:00:33]} e6 {[%emt 0:00:06]} 9. O-O {[%emt 0:00:03]} Be7 {[%emt 0:00:31]} 10. Re1 {[%emt 0:00:41]} Qc7 {[%emt 0:00:24]} 11. e5 {[%emt 0:00:38]} dxe5 {[%emt 0:00:03]} 12. dxe5 {[%emt 0:00:01]} Nd5 {[%emt 0:00:45]} 13. a4 {[%emt 0:00:10]} O-O {[%emt 0:00:16]} 14. Ne4 {[%emt 0:00:11]} Rfd8 {[%emt 0:00:19]} 15. Ng3 {[%emt 0:00:26]} Nf8 {[%emt 0:00:38]} 16. Qe2 {[%emt 0:00:16]} Bc6 {[%emt 0:00:02]} 17. h4 {[%emt 0:00:40]} c4 {[%emt 0:01:43]} 18. Nh5 {[%emt 0:00:54]} Ng6 {[%emt 0:00:16]} 19. Ng5 {[%emt 0:00:46]} Rf8 {[%emt 0:02:17]} 20. Ng3 {[%emt 0:02:07]} Bxg5 {[%emt 0:01:10]} 21. Bxg5 {[%emt 0:00:13]} h6 22. Bd2 {[%emt 0:02:26]} Nxh4 {[%emt 0:03:21]} 23. Qg4 {[%emt 0:00:53]} Ng6 {[%emt 0:00:02]} 24. Nh5 {[%emt 0:00:40]} Nde7 {[%emt 0:00:27]} 25. Nf6+ {[%emt 0:00:53]} gxf6 {[%emt 0:00:20]} 26. exf6 {[%emt 0:00:11]} Nf5 {[%emt 0:00:08]} 27. Rxe6 {[%emt 0:02:29]} fxe6 {[%emt 0:00:36]} 28. Qxg6+ {[%emt 0:00:04]} Kh8 {[%emt 0:00:01]} 29. Bxf5 {[%emt 0:00:26]} exf5 {[%emt 0:00:18]} 30. Bxh6 {[%emt 0:00:21]} Rf7 {[%emt 0:01:56]} 31. Bg7+ {[%emt 0:00:07]} Kg8 {[%emt 0:00:15]} 32. Bh6+ {[%emt 0:01:09]} Kh8 {[%emt 0:00:01]} 33. Bg7+ {[%emt 0:00:02]} Kg8 {[%emt 0:00:01]} 34. Re1 {[%emt 0:00:15]} Re8 {[%emt 0:02:43]} 35. Rxe8+ {[%emt 0:00:20]} Bxe8 {[%emt 0:00:02]} 36. Qh5 {[%emt 0:00:01]} Rxg7 {[%emt 0:00:31]} 37. Qxe8+ {[%emt 0:00:03]} Kh7 {[%emt 0:00:01]} 38. Qh5+ {[%emt 0:00:16]} Kg8 {[%emt 0:00:03]} 39. fxg7 {[%emt 0:00:04]} Kxg7 {[%emt 0:00:11]} 40. axb5 {[%emt 0:00:24]} axb5 {[%emt 0:00:04]} 41. Qg5+ {[%emt 0:00:02]} Kh8 {[%emt 0:00:08]} 42. Qh6+ {[%emt 0:00:26]} Kg8 {[%emt 0:00:02]} 43. Qg6+ {[%emt 0:00:01]} Kh8 {[%emt 0:00:03]} 44. Qxf5 {[%emt 0:01:12]} Qa5 {[%emt 0:00:07]} 45. Kh2 {[%emt 0:00:55]} Qc7+ {[%emt 0:00:10]} 46. g3 {[%emt 0:00:03]} Qc6 {[%emt 0:00:16]} 47. Qf4 {[%emt 0:00:18]} Kg8 {[%emt 0:00:05]} 48. g4 {[%emt 0:00:03]} Qd5 {[%emt 0:00:08]} 49. g5 {[%emt 0:00:03]} Qc5 {[%emt 0:00:11]} 50. Qf6 {[%emt 0:00:28]} Qc7+ {[%emt 0:00:05]} 51. Kg2 {[%emt 0:00:06]} Qb7+ {[%emt 0:00:34]} 52. f3 {[%emt 0:00:02]} Qd5 {[%emt 0:00:34]} 53. g6 {[%emt 0:00:05]} Qd2+ {[%emt 0:00:06]} 54. Kh3 {[%emt 0:00:06]} Qd7+ {[%emt 0:00:04]} 55. Kg3 {[%emt 0:00:06]} 1-0

[Event "41st Nezhmetdinov Rapid 2019"]
[Site "Kazan"]
[Date "2019.05.29"]
[Round "6.3"]
[White "Moiseenko, Vadim"]
[Black "Nozdrachev, Vladislav"]
[Result "1/2-1/2"]
[WhiteElo "2525"]
[BlackElo "2489"]
[Annotator "RC"]
[PlyCount "89"]
[EventDate "2019.05.29"]
[EventType "swiss"]
[EventCountry "RUS"]
[SourceTitle "playchess.com"]
[Source "ChessBase"]
[SourceQuality "1"]
[TimeControl "900+10"]

1. Nf3 {[%emt 0:00:00]} d5 {[%emt 0:00:00]} 2. b3 {[%emt 0:00:01]} Nf6 {[%emt 0:00:03]} 3. Bb2 {[%emt 0:00:02]} e6 {[%emt 0:00:11]} 4. g3 {[%emt 0:00:11]} Be7 {[%emt 0:00:03]} 5. c4 {[%emt 0:00:12]} O-O {[%emt 0:00:04]} 6. Bg2 {[%emt 0:00:02]} a5 {[%emt 0:00:04]} 7. a3 {[%emt 0:00:08]} a4 {[%emt 0:01:07]} 8. b4 {[%emt 0:00:23]} dxc4 {[%emt 0:00:27]} 9. Ne5 {[%emt 0:00:03]} Nc6 {[%emt 0:00:40]} 10. Nxc4 {[%emt 0:00:15]} Nd4 {[%emt 0:00:23]} 11. Nc3 {[%emt 0:01:12]} Rb8 {[%emt 0:02:09]} 12. O-O {[%emt 0:00:20]} b5 {[%emt 0:00:07]} 13. Na5 {[%emt 0:00:09]} c5 {[%emt 0:00:13]} 14. Na2 {[%emt 0:01:15]} cxb4 {[%emt 0:01:32]} 15. axb4 {[%emt 0:00:10]} Rb6 {[%emt 0:01:47]} 16. Rc1 {[%emt 0:00:41]} e5 {[%emt 0:00:22]} 17. e3 {[%emt 0:00:14]} Bg4 {[%emt 0:00:36]} 18. f3 {[%emt 0:00:01]} Be6 {[%emt 0:00:02]} 19. exd4 {[%emt 0:00:28]} exd4 {[%emt 0:00:44]} 20. f4 {[%emt 0:01:58]} Bxa2 {[%emt 0:00:15]} 21. Nc6 {[%emt 0:00:01]} Rxc6 {[%emt 0:00:10]} 22. Bxc6 {[%emt 0:00:01]} Bxb4 {[%emt 0:01:04]} 23. Bxb5 {[%emt 0:00:26]} a3 {[%emt 0:00:01]} 24. Ba1 {[%emt 0:01:42]} d3 {[%emt 0:00:01]} 25. Bc6 {[%emt 0:02:04]} Bd5 {[%emt 0:01:25]} 26. Bxd5 {[%emt 0:02:56]} Qxd5 {[%emt 0:00:03]} 27. Qf3 {[%emt 0:00:23]} Ne4 {[%emt 0:00:32]} 28. Rfd1 {[%emt 0:01:35]} Re8 {[%emt 0:00:59]} 29. Kg2 {[%emt 0:00:27]} f6 {[%emt 0:00:48]} 30. h4 {[%emt 0:00:29]} h5 {[%emt 0:00:56]} 31. Kh2 {[%emt 0:00:11]} Rd8 {[%emt 0:00:48]} 32. Qg2 {[%emt 0:01:18]} Bc5 {[%emt 0:00:16]} 33. Re1 {[%emt 0:00:11]} f5 {[%emt 0:00:33]} 34. Be5 {[%emt 0:00:07]} Bd4 {[%emt 0:00:25]} 35. Bxd4 {[%emt 0:00:19]} Qxd4 {[%emt 0:00:02]} 36. Ra1 {[%emt 0:00:13]} Rb8 {[%emt 0:01:24]} 37. Rxa3 {[%emt 0:00:14]} Nxd2 {[%emt 0:00:14]} 38. Ra8 {[%emt 0:00:22]} Rxa8 {[%emt 0:00:06]} 39. Qxa8+ {[%emt 0:00:01]} Kh7 {[%emt 0:00:02]} 40. Re8 {[%emt 0:00:36]} Qf2+ {[%emt 0:00:22]} 41. Kh3 {[%emt 0:00:04]} Qf1+ {[%emt 0:00:09]} 42. Qg2 {[%emt 0:00:02]} Qd1 {[%emt 0:00:04]} 43. Qa8 {[%emt 0:00:12]} Qf1+ {[%emt 0:00:11]} 44. Qg2 {[%emt 0:00:01]} Qd1 {[%emt 0:00:10]} 45. Qa8 {[%emt 0:00:08]} 1/2-1/2

[Event "41st Nezhmetdinov Rapid 2019"]
[Site "Kazan"]
[Date "2019.05.29"]
[Round "6.4"]
[White "Maiorov, Nikita"]
[Black "Chigaev, Maksim"]
[Result "1-0"]
[WhiteElo "2514"]
[BlackElo "2637"]
[Annotator "TA"]
[PlyCount "93"]
[EventDate "2019.05.29"]
[EventType "swiss"]
[EventCountry "RUS"]
[SourceTitle "playchess.com"]
[Source "ChessBase"]
[SourceQuality "1"]

{[%evp 13,150,15,38,36,36,39,50,50,57,34,52,39,40,35,35,33,44,14,21,21,37,49,98,57,92,81,89,75,88,79,62,31,87,25,29,11,33,1,6,0,0,0,18,37,52,38,35,38,33,28,64,68,95,0,76,85,74,9,2,0,0,0,0,-4,9,6,78,54,91,83,76,0,119,125,302,297,359,345,410,429,512,510,588,371,344,335,398,379,400,235,229,229,269,264,412,404,381,373,363,277,277,273,222,251,264,245,273,260,300,295,283,294,443,443,430,430,415,438,402,393,531,506,496,481,462,447,543,469,1049,1049,1061,924,975,922,974,845,1650,1616,4582]} 1. d4 g6 2. e4 Bg7 3. Nf3 d6 4. c3 Nf6 5. Bd3 O-O 6. O-O Nc6 7. Nbd2 Nd7 8. Nb3 {B07: Pirc Defence: Miscellaneous Systems} (8. b4 e5 9. b5 Ne7 10. a4 a6 11. Bb2 b6 12. Qb3 Bb7 13. Rfd1 axb5 14. axb5 Rxa1 15. Rxa1 d5 16. Re1 {½-½ (16) Bukavshin,I (2618)-Dubov,D (2627) Moscow 2015}) 8... e5 9. Bg5 Qe8 10. Re1 $146 {White is slightly better.} ({Predecessor:} 10. Qd2 Nd8 11. d5 f6 12. Bh6 Rf7 13. Bxg7 Rxg7 14. a4 {1-0 (59) Harmatosi,J (2252)-Katona,J (2081) Budapest 2006}) 10... Kh8 11. Qd2 f6 12. Bh6 Qe7 13. Bxg7+ Qxg7 14. Bb5 Nd8 15. a4 a6 16. Bf1 Ne6 17. a5 Qe7 18. Ra3 Kg7 19. Nc1 Kh8 20. b4 Qg7 21. Nd3 g5 22. Nc1 Nf4 ({Black should try} 22... g4 $14 23. Nh4 exd4) 23. Ne2 (23. g3 $16) 23... Nb8 $11 24. Kh1 Nc6 25. Ng3 Ne7 26. c4 h5 27. c5 h4 28. Ne2 Neg6 29. cxd6 {Black must now prevent dxe5.} cxd6 30. Nfg1 Ne6 31. Rc1 Rf7 32. d5 Nef8 33. b5 (33. Nc3 $16) 33... axb5 (33... Nd7 $1 $11) 34. Qb4 $16 f5 35. Rac3 (35. Qxd6 fxe4 36. Nc3 Nf4 $11) (35. Nc3 $16 Rc7 36. Qxd6 (36. Bxb5 Qe7 $11)) 35... Bd7 $11 36. Qxd6 fxe4 37. Rc7 $1 Rxa5 38. Nc3 $132 {[%mdl 2048] White is not holding back} Ra6 39. Qc5 h3 (39... b6 $11 40. Qe3 Nf4) 40. g3 $16 (40. Nxe4 hxg2+ 41. Bxg2 Nf4 $11) 40... Bf5 41. Rxf7 Qxf7 42. Nxb5 (42. Nxh3 $16 Nh7 43. Ng1 (43. Qxb5 Ngf8 $16) (43. Nxb5 g4 $16)) 42... Ra2 (42... g4 $11) 43. Nc3 ({Inferior is} 43. Bxh3 Bxh3 44. Nxh3 e3 $15) 43... e3 $2 {[#]} (43... Ra8 $16 {was necessary.}) 44. Qxe3 $18 ({And not} 44. Nxa2 Be4+ 45. f3 Bxf3+ 46. Nxf3 Qxf3+ 47. Kg1 Qf2+ 48. Kh1 Qf3+ 49. Kg1 Qf2+ 50. Kh1 Qf3+ $11) 44... Rb2 45. Nxh3 (45. Qxg5 Rxf2 46. Nxh3 Rc2 $18) 45... Bxh3 46. Bxh3 Rxf2 47. d6 {Played: Nc3-e4} 1-0

[Event "41st Nezhmetdinov Rapid 2019"]
[Site "Kazan"]
[Date "2019.05.29"]
[Round "6.5"]
[White "Golubov, Saveliy"]
[Black "Sakaev, Konstantin"]
[Result "1-0"]
[WhiteElo "2460"]
[BlackElo "2584"]
[Annotator "TA"]
[PlyCount "73"]
[EventDate "2019.05.29"]
[EventType "swiss"]
[EventCountry "RUS"]
[SourceTitle "playchess.com"]
[Source "ChessBase"]
[SourceQuality "1"]

{[%evp 9,73,0,29,33,33,19,21,22,19,25,41,31,43,25,25,25,25,22,33,33,67,-9,60,19,14,0,83,0,237,220,252,250,230,222,225,130,236,237,237,0,87,0,0,0,76,73,141,124,279,319,341,302,326,326,306,341,342,307,313,311,316,323,448,355,358,348]} 1. d4 Nf6 2. Bf4 g6 3. Nc3 d5 4. h4 Bg7 5. e3 c5 (5... h5 6. Qf3 c5 7. Qg3 Nc6 8. Bc7 Qd7 9. O-O-O cxd4 10. exd4 O-O 11. Nh3 {½-½ (44) Nisipeanu,L (2667)-Jones,G (2702) Malmo 2019}) 6. Nb5 {Hoping for Nc7+. A45: Trompowsky Attack} Na6 $1 7. c3 O-O 8. Be2 {The position is equal.} Bd7 9. a4 {[%cal Ba2a4,Ba4b5][%mdl 32]} Bxb5 10. axb5 Nc7 11. h5 c4 12. hxg6 hxg6 13. Nf3 Nxb5 14. Ne5 Nd6 $146 ({Predecessor:} 14... Qc8 15. e4 Nd6 16. Qc1 {Mulligan,B (2397)-Staak,E (2115) ICCF email 2017}) 15. f3 (15. g4 $14) 15... Qb6 (15... Nh5 $11) 16. Rb1 {[%mdl 1024] White has compensation.} Rfd8 17. Kf2 e6 (17... a5 $11 {remains equal.}) 18. Qg1 {[#]} (18. Qe1 $16) 18... Kf8 $2 {[#]} (18... g5 $1 $11 {[%mdl 512] and Black stays safe.} 19. Bxg5 Nfe4+ 20. fxe4 Nxe4+ {[%mdl 64] Double Attack} 21. Kf1 Nxg5) 19. Qh2 $1 $18 Ke7 20. Bg5 Rh8 {[#]} 21. Qf4 $1 {Ng4 is the strong threat.} Rh5 22. g4 (22. Rxh5 $18 {Black must now prevent Rh7.} gxh5 23. e4) 22... Rxh1 (22... Rxg5 $16 23. Qxg5 Rh8) 23. Rxh1 {aiming for Rh7.} Rh8 24. Rb1 $2 ({Only move:} 24. Rxh8 $18 Bxh8 25. Qh2) 24... Qd8 (24... Qa5 $11) 25. Ra1 (25. e4 $16) 25... Qb6 $11 26. Rb1 Qd8 (26... Qa5 $11 {keeps the balance.}) 27. e4 $36 {[%mdl 2048] Keeping Black busy.} dxe4 (27... Kf8 $142) 28. fxe4 ({But not} 28. Nxc4 $6 Nxc4 29. Bxc4 exf3 $11) ({Reject} 28. Bxc4 $6 exf3 29. Bb3 Kf8 $11) 28... Kf8 $2 (28... Rh2+ $16 {is a better defense.} 29. Qxh2 Ndxe4+ 30. Ke3 Nxg5) 29. Kg2 $18 Nde8 30. Bxc4 Qc7 31. Rf1 Kg8 32. Bb5 Rh7 33. Bxe8 Nxe8 34. Qxf7+ Qxf7 35. Nxf7 ({Less strong is} 35. Rxf7 Nd6 $16) 35... Bf6 36. Bxf6 Rxf7 37. Be5 {Accuracy: White = 55%, Black = 43%.} 1-0